[Event "Pan American-ch U12 Girls"]
[Site "Guayaquil"]
[Date "2019.07.23"]
[Round "4"]
[White "Hernandez, Sofia"]
[Black "Mayeregger Gonzalez, Renata Valentina"]
[Result "1-0"]
[WhiteElo "1423"]
[BlackElo "1020"]
[PlyCount "67"]
[EventDate "2019.07.21"]
[EventType "swiss"]
[EventRounds "9"]
[EventCountry "ECU"]
[SourceTitle "EXT 2020"]
[Source "ChessBase"]
[SourceDate "2019.10.17"]
[SourceVersion "1"]
[SourceVersionDate "2019.10.17"]
[SourceQuality "1"]

1. e4 d5 2. exd5 Nf6 3. Nf3 Nxd5 4. d4 Nc6 5. c4 Nf6 6. Nc3 e6 7. a3 Bd7 8. Be2 Be7 9. 0-0 0-0 10. h3 h6 11. Be3 b6 12. Qc2 Bd6 13. Nb5 a6 14. Nxd6 cxd6 15. Bf4 Qe7 16. Rfe1 Rfe8 17. Bf1 Na7 18. Qd2 h5 19. Bg5 Qd8 20. b3 Bc6 21. Qd3 Rc8 22. Rad1 Bd7 23. Nd2 d5 24. Be2 a5 25. Bxh5 Nc6 26. Nf3 g6 27. Bxg6 Qe7 28. cxd5 Nd8 29. Ne5 Rf8 30. Nxd7 Qxd7 31. Bxf6 Re8 32. Bh7+ Kf8 33. Qg3 Re7 34. Qg8# 1-0